000 00349nam a2200145Ia 4500
008 230711s9999||||xx |||||||||||||| ||und||
041 _aENG
082 _a530
_bJO-S
100 _aJohn Paxton
245 4 _aThe statesman's year book
250 _a1st
260 _c1990
_aNew York
_bMacMillan Publications Pvt.Ltd
650 _aLiterature
942 _cBK
999 _c868
_d868